Sports Quiz

Random Sports or Auto Racing Quiz
Score 0/7 Timer 04:00
3 Plays Today
Driver % Correct
Michael Schumacher
97.2%
Sebastian Vettel
95.5%
Ralf Schumacher
95%
Nico Rosberg
86.2%
Heinz-Harald Frentzen
75.9%
Wolfgang von Trips
64%
Jochen Mass
54%
Remove Ads.
Support Sporcle.
Get the best of Sporcle when you Go Orange. This ad-free experience offers more features, more stats, and more fun while also helping to support Sporcle. Thank you for becoming a member.

You're not logged in!

Compare scores with friends on all Sporcle quizzes.
OR
Log In

Show Comments

Extras

Top Quizzes Today


Score Distribution

Your Account Isn't Verified!

In order to create a playlist on Sporcle, you need to verify the email address you used during registration. Go to your Sporcle Settings to finish the process.

Report this User

Report this user for behavior that violates our Community Guidelines.

Details: